000 00311nam a22001337a 4500
008 171013b xxu||||| |||| 00| 0 eng d
020 _a0840030061u
041 _aeng
080 _a316
100 _a50
101 _aSOC
245 _aDISCOVERY SERIES INTRODUCTION TO LIFE SPAN
_cRATHUS,S.A
942 _2udc
_cBK
999 _c33662
_d33662